[Event "OHRA-B"]
[Site "Amsterdam"]
[Date "1985.??.??"]
[Round "1"]
[White "Kudrin, Sergey"]
[Black "Borm, Franciscus WM"]
[Result "1/2-1/2"]
[WhiteElo "2490"]
[BlackElo "2385"]

1.e4 e5 2.Nf3 Nc6 3.Bc4 Bc5 4.c3 Nf6 5.b4 Bb6 6.d3 a6 7.O-O O-O 8.Bg5 d6
9.Nbd2 Ne7 10.Bxf6 gxf6 11.Nh4 Ng6 12.Qh5 Nxh4 13.Qxh4 c6 14.Bb3 d5 15.Kh1 Bc7
16.Rae1 f5 17.Qh6 f6 18.f4 fxe4 19.dxe4 Be6 20.Nf3 Qd7 21.fxe5 Bxe5 22.Nxe5 fxe5
23.Rf6 Rxf6 24.Qxf6 Re8 25.Qxe5 Bf7 26.Qg3+ Kh8 27.exd5 Bxd5 28.Rxe8+ Qxe8
29.Bxd5 cxd5 30.h3 b5 31.Qf2 Kg8 32.Qd4 Qf7 33.Kg1 h5 34.Qe5 Kh7 35.g4 hxg4
36.hxg4 Qf3 37.Qh5+ Kg7 38.Qg5+ Kf7 39.Qh5+ Kg7 40.Qg5+ Kf7 41.Qh5+  1/2-1/2

[Event "OHRA-B"]
[Site "Amsterdam"]
[Date "1985.??.??"]
[Round "3"]
[White "Langeweg, Kick"]
[Black "Kudrin, Sergey"]
[Result "0-1"]
[WhiteElo "2405"]
[BlackElo "2490"]

1.d4 Nf6 2.c4 e6 3.Nf3 b6 4.g3 Ba6 5.b3 Bb4+ 6.Bd2 Be7 7.Nc3 d5 8.cxd5 exd5
9.Bg2 O-O 10.O-O Bb7 11.Qc2 Na6 12.Rad1 Qc8 13.Bf4 Rd8 14.Be5 h6 15.Nh4 Ne4
16.Nxe4 Bxh4 17.Nc3 Be7 18.Bf4 Qd7 19.Qb2 Rac8 20.a3 Bf6 21.b4 c5 22.bxc5 bxc5
23.Bh3 Qxh3 24.Qxb7 Qe6 25.Nb5 Rb8 26.Bxb8 Rxb8 27.Qxa7 Rxb5 28.dxc5 Rxc5
29.e3 h5 30.h4 Kh7 31.Rc1 Rc4 32.Rfd1 Bb2 33.Rb1 Rc2 34.Qb7 Qf5 35.Rf1 Nc5
36.Qc6 d4 37.Rbd1 d3 38.Qb5 Be5 39.Rc1 Rxc1 40.Rxc1 Ne4 41.Rf1 Nc3  0-1

[Event "OHRA-B"]
[Site "Amsterdam"]
[Date "1985.??.??"]
[Round "4"]
[White "Kudrin, Sergey"]
[Black "Watson, William N"]
[Result "1/2-1/2"]
[WhiteElo "2490"]
[BlackElo "2435"]

1.e4 c5 2.Nf3 d6 3.d4 cxd4 4.Nxd4 Nf6 5.Nc3 g6 6.g3 Bg7 7.Bg2 O-O 8.O-O Bg4
9.Nde2 Qd7 10.a4 Nc6 11.Be3 Rfd8 12.Nd5 Rac8 13.c3 b6 14.f3 Bh3 15.Bxh3 Qxh3
16.b3 Qd7 17.Ra2 e6 18.Nxf6+ Bxf6 19.Rd2 d5 20.exd5 exd5 21.Nf4 Bxc3 22.Rxd5 Qe7
23.Qd3 Re8 24.Qxc3 Nb4 25.Bc5 bxc5 26.Rd2 Qe3+ 27.Qxe3 Rxe3 28.Rb2 Rd8 29.Rc1 g5
30.Nh5 f5 31.Rxc5 Nd3 32.Rc7 Nxb2  1/2-1/2

[Event "OHRA-B"]
[Site "Amsterdam"]
[Date "1985.??.??"]
[Round "5"]
[White "Kudrin, Sergey"]
[Black "Pliester, Leon"]
[Result "1-0"]
[WhiteElo "2490"]
[BlackElo "2340"]

1.e4 e5 2.Nf3 Nc6 3.Bc4 Nf6 4.d3 Be7 5.O-O d6 6.c3 O-O 7.Bb3 Na5 8.Bc2 c5
9.Nbd2 Re8 10.Re1 Bf8 11.Nf1 Nc6 12.h3 Ne7 13.Bg5 Ng6 14.Ba4 Re6 15.Bb3 Re8
16.Ba4 Re6 17.d4 cxd4 18.cxd4 Qb6 19.Ng3 Nf4 20.Qd2 N6h5 21.Nxh5 Nxh5 22.d5 Rg6
23.Nh4 Rxg5 24.Qxg5 Nf4 25.Nf5 f6 26.Qg3 g6 27.Bb3 a5 28.Ne3 a4 29.Bd1 Qxb2
30.Bg4 h5 31.Bxc8 Rxc8 32.Qf3 Rc3 33.g3 Nxh3+ 34.Kg2 g5 35.Rab1 Qxa2 36.Rxb7 f5
37.Qxf5  1-0

[Event "OHRA-B"]
[Site "Amsterdam"]
[Date "1985.??.??"]
[Round "7"]
[White "Kudrin, Sergey"]
[Black "Hellers, Ferdinand"]
[Result "1/2-1/2"]
[WhiteElo "2490"]
[BlackElo "2380"]

1.e4 c5 2.Nf3 d6 3.d4 cxd4 4.Nxd4 Nf6 5.Nc3 a6 6.Be2 e6 7.f4 Qc7 8.O-O Be7
9.Kh1 O-O 10.a4 b6 11.e5 Ne8 12.Bf3 Bb7 13.Bxb7 Qxb7 14.Qh5 Nd7 15.Rf3 dxe5
16.fxe5 g6 17.Rg3 Ng7 18.Qe2 b5 19.Nf3 Nc5 20.Bg5 b4 21.Bxe7 Qxe7 22.Ne4 Nxe4
23.Qxe4 Rac8 24.Nd4  1/2-1/2

[Event "OHRA-B"]
[Site "Amsterdam"]
[Date "1985.??.??"]
[Round "8"]
[White "Piket, Jeroen"]
[Black "Kudrin, Sergey"]
[Result "1/2-1/2"]
[WhiteElo "2400"]
[BlackElo "2490"]

1.d4 Nf6 2.Nf3 e6 3.Bg5 c5 4.e4 Qb6 5.Nbd2 cxd4 6.Nc4 Qc5 7.Bxf6 gxf6 8.Nxd4 Nc6
9.Nb5 Ne5 10.Ncd6+ Bxd6 11.Qxd6 Qxd6 12.Nxd6+ Ke7 13.Rd1 b6 14.Be2  1/2-1/2

[Event "WchT U26"]
[Site "Mendoza"]
[Date "1985.??.??"]
[Round "10"]
[White "Kudrin, Sergey"]
[Black "Ricardi, Pablo"]
[Result "1-0"]
[WhiteElo "2485"]
[BlackElo "2335"]

1.e4 c5 2.Nf3 e6 3.d4 cxd4 4.Nxd4 Nf6 5.Nc3 Nc6 6.Ndb5 d6 7.Bf4 e5 8.Bg5 a6
9.Na3 b5 10.Bxf6 gxf6 11.Nd5 Bg7 12.c3 f5 13.exf5 Bxf5 14.Nc2 O-O 15.Nce3 Be6
16.Bd3 f5 17.Qh5 e4 18.Bc2 Ne7 19.Rd1 Ng6 20.f4 exf3 21.gxf3 Qd7 22.O-O Rae8
23.Kh1 f4 24.Ng2 Bh3 25.Rfe1 Bxg2+ 26.Kxg2 Rxe1 27.Rxe1 Re8 28.Rxe8+ Qxe8
29.Kf2 Qf7 30.Bb3 Kh8 31.Qg5 Be5 32.Qd8+ Kg7 33.h4 Qa7+ 34.Kf1 b4 35.h5 bxc3
36.bxc3 Nh8 37.Ne7 Kh6 38.Qf8+ Kxh5 39.Bf7+ Nxf7 40.Qxf7+ Kg5 41.Qxh7  1-0

[Event "WchT U26"]
[Site "Mendoza"]
[Date "1985.??.??"]
[Round "12"]
[White "Chernin, Alexander"]
[Black "Kudrin, Sergey"]
[Result "1-0"]
[WhiteElo "2495"]
[BlackElo "2485"]

1.d4 Nf6 2.Nf3 e6 3.Bg5 c5 4.e3 b6 5.d5 h6 6.Bxf6 Qxf6 7.Nc3 d6 8.Nd2 e5
9.Bb5+ Bd7 10.O-O Bxb5 11.Nxb5 Qd8 12.f4 a6 13.Nc3 Nd7 14.f5 Be7 15.Nce4 Nf6
16.Nxf6+ Bxf6 17.Qh5 Ke7 18.Ne4 b5 19.b3 c4 20.Qe2 Rc8 21.c3 Qb6 22.b4 Qb7
23.Rfd1 Qd7 24.g4 Ra8 25.Qf2 Kd8 26.Kg2 Qe7 27.a4 Kc7 28.Ra2 Rhb8 29.Rda1 Qd8
30.axb5 axb5 31.Ra7+ Rxa7 32.Rxa7+ Rb7 33.Qa2 Qd7 34.Qa5+ Kc8 35.Ra8+  1-0

[Event "New York op"]
[Site "New York"]
[Date "1985.??.??"]
[Round "2"]
[White "Bernal, Eduardo"]
[Black "Kudrin, Sergey"]
[Result "0-1"]
[WhiteElo "2345"]
[BlackElo "2485"]

1.d4 Nf6 2.Nf3 e6 3.Bg5 c5 4.c3 b6 5.e4 h6 6.Bxf6 Qxf6 7.Bd3 Bb7 8.Nbd2 Nc6
9.e5 Qd8 10.a3 d6 11.Qe2 Be7 12.Rd1 dxe5 13.dxe5 Qc7 14.O-O g5 15.Nc4 O-O-O
16.b4 g4 17.Nfd2 h5 18.Rfe1 cxb4 19.axb4 h4 20.b5 Na5 21.Nxa5 bxa5 22.Be4 g3
23.fxg3 hxg3 24.h3 Bc5+ 25.Kh1 Rh4 26.Bxb7+ Qxb7 27.Nf3 Rdh8 28.Qd3 Rg4 29.Re2 Bf2
30.Red2 Rgg8 31.c4 f5 32.Qf1 Bc5 33.Ng1 Rh4 34.Nf3 Rh7 35.Rd3 f4 36.R1d2 Be3
37.Rc2 Rgh8 38.Rxe3 fxe3 39.c5 Qe4 40.Rb2 Rb7 41.b6 axb6 42.Qa6 Rd8 43.Rxb6 Rd1+
44.Ng1 Kb8 45.Rxb7+ Qxb7  0-1

[Event "New York op"]
[Site "New York"]
[Date "1985.??.??"]
[Round "9"]
[White "Kudrin, Sergey"]
[Black "Ljubojevic, Ljubomir"]
[Result "1/2-1/2"]
[WhiteElo "2485"]
[BlackElo "2595"]

1.e4 c5 2.Nf3 d6 3.d4 cxd4 4.Nxd4 Nf6 5.Nc3 a6 6.Be2 e5 7.Nb3 Be7 8.O-O O-O
9.Qd3 Be6 10.Be3 Nbd7 11.Nd5 Bxd5 12.exd5 Re8 13.c4 Bf8 14.Rac1 g6 15.Rfd1 b6
16.Nd2 a5 17.b3 Bg7 18.a3 Qe7 19.Rb1 Qf8 20.b4 Bh6 21.Qb3 Bxe3 22.Qxe3 axb4
23.axb4 Ra4 24.Ra1 Rea8 25.Qc3 Qh6 26.Rxa4 Rxa4 27.Qb3 Ra8 28.Nb1 Qf4 29.g3 Qf5
30.Na3 e4 31.Nb5 Ne5 32.Kg2 Nd3 33.Rf1 Ra1 34.Nxd6 Rxf1 35.Nxf5 Rxf2+ 36.Kg1 Rxe2
37.Qc3 Re1+ 38.Kg2 Re2+ 39.Kg1 Re1+ 40.Kg2 Re2+  1/2-1/2

[Event "World op"]
[Site "Philadelphia"]
[Date "1985.??.??"]
[Round "?"]
[White "Bisguier, Arthur Bernard"]
[Black "Kudrin, Sergey"]
[Result "1-0"]
[WhiteElo "2440"]
[BlackElo "2485"]

1.d4 Nf6 2.Nf3 b6 3.Nc3 Bb7 4.Bg5 e6 5.e4 h6 6.Bxf6 Qxf6 7.Bd3 Qd8 8.O-O Be7
9.e5 d6 10.Qe2 O-O 11.Rad1 Nd7 12.Ne4 Qc8 13.Rfe1 Rd8 14.h4 Nf8 15.Qe3 Ba6
16.c4 d5 17.Nf6+ gxf6 18.Qxh6 f5 19.Ng5 dxc4 20.Bc2 Rd5 21.Re3 Bxg5 22.Qxg5+ Ng6
23.h5 Qd8 24.Qh6 Qf8 25.Qg5 Qe7 26.Qh6 Qf8 27.Qg5 Qe7 28.Qh6 Qh4 29.Rg3 Rad8
30.Bxf5 Rxd4 31.Rxg6+  1-0

[Event "Midwest Masters op"]
[Site "Chicago"]
[Date "1986.??.??"]
[Round "4"]
[White "Kudrin, Sergey"]
[Black "Leverett, Bruce W"]
[Result "1-0"]
[WhiteElo "2460"]
[BlackElo "2250"]

1.e4 e6 2.d4 d5 3.Nd2 c5 4.exd5 exd5 5.Ngf3 Nc6 6.Bb5 Bd6 7.dxc5 Bxc5 8.O-O Ne7
9.Nb3 Bb6 10.Re1 O-O 11.Bg5 h6 12.Be3 Bxe3 13.Rxe3 Bg4 14.h3 Bxf3 15.Qxf3 Qd6
16.Rd1 Rad8 17.c3 a6 18.Bf1 Kh8 19.Qh5 Ng8 20.g3 Nf6 21.Qe2 Qc7 22.Nd4 Na5
23.b3 Rfe8 24.Rdd3 g6 25.Bg2 Kg7 26.Qb2 Nc6 27.Ne2 Rxe3 28.Rxe3 Qb6 29.Rd3 Ne5
30.Rd4 Nc6 31.Rd1 Qc5 32.Nf4 Rd6 33.Qd2 Ne5 34.c4 d4 35.Bxb7 a5 36.Nd3 Nxd3
37.Qxd3 Qh5 38.Bg2 Qe5 39.Bf3 Nd7 40.Bd5 Kf6 41.Qxd4  1-0

[Event "New York op"]
[Site "New York"]
[Date "1986.??.??"]
[Round "?"]
[White "Olafsson, Helgi"]
[Black "Kudrin, Sergey"]
[Result "1-0"]
[WhiteElo "2545"]
[BlackElo "2460"]

1.d4 Nf6 2.Nf3 e6 3.c4 b6 4.g3 Ba6 5.b3 Bb4+ 6.Bd2 Be7 7.Bg2 d5 8.Ne5 O-O
9.O-O c6 10.Bc3 Nfd7 11.Nxd7 Nxd7 12.Nd2 f5 13.Bb2 Bd6 14.Rc1 Qe7 15.Nf3 Rac8
16.Ne5 Nf6 17.Nd3 Ng4 18.Qd2 Kh8 19.Rc2 Bb8 20.Rfc1 Rcd8 21.a4 dxc4 22.bxc4 c5
23.dxc5 f4 24.Bf3 Qg5 25.Qc3 fxg3 26.hxg3 Rxd3 27.Qxd3 Nxf2 28.Kxf2 Bxg3+
29.Kf1 Bb7 30.Qd7 Bf4 31.Qxg7+ Qxg7 32.Bxg7+ Kxg7  1-0

[Event "New York op"]
[Site "New York"]
[Date "1986.??.??"]
[Round "?"]
[White "Dlugy, Maxim"]
[Black "Kudrin, Sergey"]
[Result "1-0"]
[WhiteElo "2545"]
[BlackElo "2460"]

1.d4 Nf6 2.c4 e6 3.Nf3 b6 4.g3 Bb7 5.Bg2 Be7 6.Nc3 O-O 7.Qc2 d5 8.cxd5 exd5
9.O-O Na6 10.Rd1 Qc8 11.Bf4 h6 12.Rac1 Qe6 13.a3 c5 14.dxc5 bxc5 15.Qb3 Bc6
16.Ne5 Rfb8 17.Qa2 Bb7 18.e4 d4 19.Nd5 Rd8 20.Bh3 Qxh3 21.Nxf6+ Bxf6 22.Qxf7+ Kh7
23.Qxb7 Qe6 24.Nc6 Rdc8 25.Nxa7 Re8 26.e5 Bg5 27.Bxg5 hxg5 28.b4 cxb4 29.axb4 Nxb4
30.Rxd4 Na2 31.Rc7 Qxe5 32.Rdd7 Rg8 33.Qb1+ Kh8 34.Qxa2 Rgf8 35.Rc1 g4 36.Qd2 Rab8
37.Nc6  1-0

[Event "Reykjavik op"]
[Site "Reykjavik"]
[Date "1986.??.??"]
[Round "1"]
[White "Kudrin, Sergey"]
[Black "Thorsteinsson, Thorsteinn"]
[Result "1/2-1/2"]
[WhiteElo "2460"]
[BlackElo "2325"]

1.e4 c5 2.Nf3 d6 3.d4 cxd4 4.Nxd4 Nf6 5.Nc3 g6 6.g3 Nc6 7.Nde2 b6 8.Bg2 Ba6
9.O-O Bg7 10.h3 Rc8 11.Re1 O-O 12.Bg5 Nd7 13.Rb1 h6 14.Be3 Kh7 15.a4  1/2-1/2

[Event "Graz op"]
[Site "Graz"]
[Date "1987.??.??"]
[Round "4"]
[White "Kudrin, Sergey"]
[Black "Druckenthaner, Andreas"]
[Result "1/2-1/2"]
[WhiteElo "2515"]
[BlackElo "2270"]

1.e4 e5 2.Nf3 Nc6 3.Bc4 Bc5 4.c3 Nf6 5.d3 O-O 6.b4 Bb6 7.a4 a6 8.Bg5 d6 9.Nbd2 Kh8
10.Ba2 h6 11.Bh4 g5 12.Bg3 Bg4 13.h4 Kg7 14.Nc4 Nh5 15.Qd2 Nf4 16.Bxf4 gxf4
17.O-O-O Ba7 18.h5 Kh7 19.Rdg1 Bxf3 20.gxf3 Qf6 21.b5 axb5 22.axb5 Nd8 23.Kb2 Bc5
24.Bb1 Kh8 25.d4 exd4 26.e5 dxc3+ 27.Qxc3 dxe5 28.Kc1 Ne6 29.Qc2 e4 30.fxe4 Nd4
31.Qd3 Ra4 32.e5 Qf5 33.Rd1 Qxd3 34.Bxd3 Rfa8 35.Rh3 Ra1+ 36.Bb1 R8a2 37.Nb2 Ra3
38.Rxa3 Rxa3 39.Nd3 Bb6 40.Nxf4 Rc3+ 41.Kd2 Ba5 42.Bd3 Nf3+ 43.Ke2 Nxe5 44.Be4 Rc4
45.f3 Rc5 46.Rd5 Rxd5 47.Nxd5 Kg7 48.Ne7 Kf6 49.Ng8+ Kg7 50.Ne7 Kf6  1/2-1/2

[Event "Marseille"]
[Site "Marseille"]
[Date "1987.??.??"]
[Round "?"]
[White "Kudrin, Sergey"]
[Black "Murrey, Jacob"]
[Result "0-1"]
[WhiteElo "2515"]
[BlackElo "2505"]

1.e4 e5 2.Nf3 Nc6 3.Bc4 Nf6 4.d3 Be7 5.O-O d6 6.c3 Be6 7.Nbd2 Qd7 8.Bb3 O-O
9.Re1 Rae8 10.Nf1 Bd8 11.Ng3 a6 12.d4 exd4 13.Nxd4 Bxb3 14.Nxb3 Ne5 15.Nd4 Ng6
16.c4 b5 17.cxb5 axb5 18.Qb3 c6 19.Bg5 Ne5 20.Rad1 Nc4 21.a4 h6 22.Bxf6 Bxf6
23.axb5 Bxd4 24.Qxc4 c5 25.b4 Qe6 26.Qc1 Qa2 27.Re2 Qa4 28.bxc5 dxc5 29.Nf5 Bf6
30.Rde1 Qb4 31.h4 Bc3 32.Rd1 Be5 33.Ree1 c4 34.g3 Qxb5 35.Rd5 Qb4 36.Red1 c3
37.Nd6 Bxd6 38.Rxd6 Rxe4 39.Qc2 Qc4 40.R1d3 Re1+ 41.Kh2 Qe4  0-1

[Event "Marseille"]
[Site "Marseille"]
[Date "1987.??.??"]
[Round "?"]
[White "Hulak, Krunoslav"]
[Black "Kudrin, Sergey"]
[Result "0-1"]
[WhiteElo "2445"]
[BlackElo "2515"]

1.Nf3 c5 2.g3 g6 3.Bg2 Bg7 4.O-O Nc6 5.c3 e5 6.e4 Nge7 7.a3 a5 8.a4 O-O 9.Na3 d5
10.exd5 Nxd5 11.d3 h6 12.Qb3 Nde7 13.Qb5 b6 14.Nc4 Rb8 15.Re1 Qc7 16.d4 Na7
17.Qb3 cxd4 18.Nxd4 g5 19.Nc2 Be6 20.N2a3 Nec8 21.Qa2 f5 22.b3 e4 23.Qc2 b5
24.axb5 a4 25.Bf1 axb3 26.Qxb3 Nd6 27.b6 Qc6 28.Qb4 Nac8 29.Rd1 Nxc4 30.Nxc4 f4
31.Ba3 e3 32.Ra2 fxg3 33.hxg3 Qf3 34.Nxe3 Bxa2 35.c4 Qxf2+ 36.Kh1 Qxe3 37.Bg2 Rxb6
38.Qa5 Rbf6 39.Bxf8 Rxf8 40.Qxa2 Qxg3 41.c5+ Kh8 42.c6 Be5 43.Be4 Qh4+ 44.Kg1 Qxe4  0-1

[Event "Marseille"]
[Site "Marseille"]
[Date "1987.??.??"]
[Round "?"]
[White "Kudrin, Sergey"]
[Black "Haik, Aldo"]
[Result "1-0"]
[WhiteElo "2515"]
[BlackElo "2445"]

1.e4 c5 2.Nf3 Nc6 3.d4 cxd4 4.Nxd4 g6 5.c4 Bg7 6.Be3 Nf6 7.Nc3 O-O 8.Be2 d6
9.O-O Bd7 10.Qd2 Nxd4 11.Bxd4 Bc6 12.f3 a5 13.b3 Nd7 14.Be3 Nc5 15.Rab1 Qb6
16.Nb5 Rfc8 17.Rfd1 Qd8 18.Nc3 Be5 19.Bf1 e6 20.Nb5 Bxb5 21.cxb5 Qe7 22.Bg5 Qc7
23.Kh1 f6 24.Be3 f5 25.Bc4 Qe7 26.Bxc5 Rxc5 27.f4 d5 28.exd5 exd5 29.Bxd5+ Kg7
30.Re1 Qd6 31.Rxe5 Kh6 32.Rbe1 Rd8 33.Qe3 Rxd5 34.Qh3+ Kg7 35.Re7+  1-0

[Event "Marseille"]
[Site "Marseille"]
[Date "1987.??.??"]
[Round "?"]
[White "Miralles, Gilles"]
[Black "Kudrin, Sergey"]
[Result "1/2-1/2"]
[WhiteElo "2425"]
[BlackElo "2515"]

1.d4 Nf6 2.c4 g6 3.Nf3 Bg7 4.g3 d5 5.cxd5 Nxd5 6.Bg2 O-O 7.O-O Nb6 8.Nc3 Nc6
9.e3 Re8 10.d5 Na5 11.Nd4 Bd7 12.Nb3 Nxb3 13.axb3 c6 14.e4 cxd5 15.exd5 Nc8
16.Be3 Nd6 17.Qd2 a6 18.Na4 Bxa4 19.Rxa4 Qd7  1/2-1/2

[Event "Marseille"]
[Site "Marseille"]
[Date "1987.??.??"]
[Round "?"]
[White "Todorcevic, Miodrag"]
[Black "Kudrin, Sergey"]
[Result "0-1"]
[WhiteElo "2475"]
[BlackElo "2515"]

1.e4 c5 2.Nc3 Nc6 3.g3 g6 4.Bg2 Bg7 5.d3 d6 6.f4 e5 7.Nf3 exf4 8.Bxf4 Nge7
9.Qd2 O-O 10.Bh6 Nd4 11.Bxg7 Kxg7 12.Nxd4 cxd4 13.Ne2 Nc6 14.O-O f6 15.Nf4 Bd7
16.Rf2 Qa5 17.Qxa5 Nxa5 18.b4 Nc6 19.b5 Ne5 20.Rb1 Rac8 21.Rb4 g5 22.Nd5 Rc5
23.a4 Ng4 24.Re2 Rfc8 25.h3 Ne5 26.Rxd4 Rxc2 27.Rxc2 Rxc2 28.Ne3 Rd2 29.Rxd6 Rxd3
30.Nf5+ Kg6 31.Rxd3 Nxd3 32.Nd4 Kf7 33.Kf1 b6 34.Ke2 Nc5 35.Ke3 Nxa4 36.e5 fxe5
37.Nc6 Ke6 38.Nxa7 Nc3 39.Bf1 Kd6 40.Bd3 h6 41.Kd2 Nd5 42.h4 gxh4 43.gxh4 Kc5
44.Be4 Ne7 45.Bd3 Nc8  0-1

[Event "New York op"]
[Site "New York"]
[Date "1987.??.??"]
[Round "?"]
[White "Spraggett, Kevin"]
[Black "Kudrin, Sergey"]
[Result "0-1"]
[WhiteElo "2550"]
[BlackElo "2505"]

1.d4 Nf6 2.c4 g6 3.Nf3 Bg7 4.Nc3 d5 5.cxd5 Nxd5 6.g3 O-O 7.Bg2 Nxc3 8.bxc3 c5
9.O-O Nc6 10.dxc5 Qa5 11.Be3 Bxc3 12.Rc1 Be6 13.Ng5 Bxa2 14.Qd7 h6 15.Ne4 Bg7
16.Qxb7 Rfc8 17.Nd6 Qc7 18.Qa6 Nb4 19.Qa3 exd6 20.Bxa8 Rxa8 21.Qxb4 dxc5
22.Rxc5 Qd7 23.Ra5 Qe6 24.Rxa7 Re8 25.Rc1 Bd5 26.Rd1 Ba8 27.Qa4 Bc6 28.Qc2 Be4
29.Qa2 Qf5 30.Rdd7 Rf8 31.Bd4 Bc6 32.Bxg7 Kxg7 33.Qb2+ Kg8 34.Re7 Qd5 35.e4 Qd3
36.Qf6 Bxe4  0-1

[Event "New York op"]
[Site "New York"]
[Date "1987.??.??"]
[Round "?"]
[White "Sax, Gyula"]
[Black "Kudrin, Sergey"]
[Result "1/2-1/2"]
[WhiteElo "2570"]
[BlackElo "2505"]

1.e4 c5 2.Nf3 d6 3.d4 cxd4 4.Nxd4 Nf6 5.Nc3 g6 6.g3 Bg7 7.Bg2 O-O 8.O-O Bg4
9.Nde2 Qc8 10.Re1 Nc6 11.f3 Bh3 12.Bh1 Be6 13.Be3 Bc4 14.Qd2 Rd8 15.Nf4 e6
16.Bf2 Qc7 17.Nd3 Rac8 18.Bg2 Ba6 19.a4 b6  1/2-1/2

[Event "New York op"]
[Site "New York"]
[Date "1987.??.??"]
[Round "?"]
[White "Portisch, Lajos"]
[Black "Kudrin, Sergey"]
[Result "1/2-1/2"]
[WhiteElo "2610"]
[BlackElo "2505"]

1.d4 Nf6 2.c4 g6 3.Nc3 d5 4.Nf3 Bg7 5.Qb3 dxc4 6.Qxc4 O-O 7.e4 Nc6 8.Be2 Nd7
9.Be3 Nb6 10.Qc5 Bg4 11.O-O-O e6 12.h3 Bxf3 13.Bxf3 Qe7 14.Be2 Rfd8 15.Bb5 Nd7
16.Qxe7 Nxe7 17.Rd2 Nb6 18.Rhd1 a6 19.Be2 Rd7 20.Kc2 Rad8 21.a3 f5 22.f3 Kf7
23.b3 Nc6 24.d5 exd5 25.Nxd5 Nxd5 26.Rxd5 Rxd5 27.Bc4 Ne7 28.Bxd5+ Nxd5 29.Rxd5 Rxd5
30.exd5 Ke7 31.Bf4 Kd7 32.Kd3 b5 33.a4  1/2-1/2

[Event "GMA-Open"]
[Site "Belgrade"]
[Date "1988.??.??"]
[Round "?"]
[White "Kudrin, Sergey"]
[Black "Bagirov, Vladimir"]
[Result "1/2-1/2"]
[WhiteElo "2545"]
[BlackElo "2465"]

1.e4 Nf6 2.e5 Nd5 3.d4 d6 4.Nf3 Bg4 5.Be2 e6 6.O-O Be7 7.h3 Bh5 8.c4 Nb6
9.exd6 cxd6 10.Nbd2 Nc6 11.b3 O-O 12.Bb2 Bg6 13.a3 a5 14.Re1 Bf6 15.Rc1 d5
16.c5 Nd7 17.Bc3 b6 18.b4 axb4 19.axb4 bxc5 20.bxc5 Qc7 21.Nf1 Rfb8 22.Ne3 Qb7
23.Ng4 Bd8 24.Bd3 Qb3 25.Bxg6 hxg6 26.Qd2 Nf6 27.Nxf6+ gxf6 28.Ra1 Bc7 29.g3 Rxa1
30.Rxa1 Qc4 31.Nh2 f5 32.Nf3 Bd8 33.Rc1 Bf6 34.Qf4 Qd3 35.Qe3 Qb5 36.h4 Ra8
37.h5 gxh5 38.Qh6 Qe2 39.Qxf6 Qxf3 40.Qg5+ Kf8 41.Qh6+ Kg8 42.Qg5+ Kf8 43.Qh6+  1/2-1/2

[Event "GMA-Open"]
[Site "Belgrade"]
[Date "1988.??.??"]
[Round "?"]
[White "Marinkovic, Ivan"]
[Black "Kudrin, Sergey"]
[Result "0-1"]
[WhiteElo "2420"]
[BlackElo "2545"]

1.e4 c5 2.Nf3 d6 3.d4 cxd4 4.Nxd4 Nf6 5.Nc3 g6 6.g3 Bg7 7.Bg2 O-O 8.O-O Bg4
9.Nde2 Qc8 10.Bg5 Nc6 11.Nd5 Nxd5 12.exd5 Ne5 13.f3 Bxf3 14.Bxf3 Nxf3+ 15.Rxf3 Qg4
16.Qd3 Qxg5 17.c3 Rac8 18.Rd1 Be5 19.Kg2 a6 20.Qe4 h5 21.a4 h4 22.Nf4 Qg4
23.Qd3 hxg3 24.hxg3 Kg7 25.Qe4 Qd7 26.Rdf1 Bf6 27.Rh1 Rh8 28.Rff1 b5 29.axb5 Qxb5
30.Rxh8 Rxh8 31.Rf2 Qa5 32.Nd3 Qa1 33.Rf1 Qa2 34.Rf2 Qb1 35.Rf1 Qc2+ 36.Rf2 Qd1
37.Rf1 Qh5 38.Kf2 a5 39.Rg1 a4 40.Ra1 Qg5 41.Rxa4 Rh2+ 42.Ke1 Qxg3+ 43.Kd1 Bg5  0-1

[Event "GMA-Open"]
[Site "Belgrade"]
[Date "1988.??.??"]
[Round "?"]
[White "Vasiukov, Evgeni"]
[Black "Kudrin, Sergey"]
[Result "1/2-1/2"]
[WhiteElo "2485"]
[BlackElo "2545"]

1.e4 c5 2.Nf3 d6 3.c3 Nf6 4.Bd3 Bg4 5.Bc2 Nc6 6.d3 e6 7.Nbd2 Be7 8.h3 Bh5
9.Qe2 Qc7 10.g4 Bg6 11.Nh4 d5 12.Ng2 O-O-O  1/2-1/2

[Event "GMA-Open"]
[Site "Belgrade"]
[Date "1988.??.??"]
[Round "?"]
[White "Kudrin, Sergey"]
[Black "Nikolic, Zivoslav"]
[Result "1-0"]
[WhiteElo "2545"]
[BlackElo "2455"]

1.e4 e6 2.d4 d5 3.Nd2 Nf6 4.e5 Ng8 5.Bd3 b6 6.c3 Qd7 7.Ne2 Ba6 8.Bb1 c5 9.O-O Nc6
10.Nf3 f6 11.exf6 gxf6 12.Re1 Bd6 13.Nf4 Bxf4 14.Bxf4 Nge7 15.Be3 cxd4 16.Nxd4 O-O-O
17.a4 Nxd4 18.Qxd4 e5 19.Qh4 Qc6 20.a5 Bb7 21.axb6 axb6 22.f3 Kb8 23.Bf2 Qd6
24.Bg3 Ng6 25.Qa4 Rdg8 26.Rd1 h5 27.Be4 Ne7 28.c4 Rxg3 29.cxd5 Qc5+ 30.Kh1 Nc8
31.d6  1-0

[Event "Bern"]
[Site "Bern"]
[Date "1988.??.??"]
[Round "?"]
[White "Kudrin, Sergey"]
[Black "Geller, Efim P"]
[Result "1/2-1/2"]
[WhiteElo "2555"]
[BlackElo "2505"]

1.e4 e5 2.Nf3 Nc6 3.Bc4 Nf6 4.d3 Be7 5.O-O O-O 6.Bb3 d6 7.c3 h6 8.h3 Re8
9.Re1 Bf8 10.Nbd2 Ne7 11.Nf1 Ng6 12.Ng3 Bd7 13.d4 c5 14.a4 cxd4 15.cxd4 exd4
16.Nxd4 d5 17.exd5 Rxe1+ 18.Qxe1 Be8 19.Nb5 Bxb5 20.axb5 Qd7 21.Qf1 Nxd5
22.Qd3 Rd8 23.Rxa7 Bc5 24.Ra1 Bb6 25.Bd2 Ndf4 26.Qxd7 Rxd7 27.Be3 Bxe3 28.fxe3 Nd3
29.Rd1 Nge5 30.Rd2 g6 31.Ne2 Rc7 32.Nf4 Rc1+ 33.Kh2 Nc5  1/2-1/2

[Event "Bern"]
[Site "Bern"]
[Date "1988.??.??"]
[Round "?"]
[White "Bex, Pierre Alain"]
[Black "Kudrin, Sergey"]
[Result "0-1"]
[WhiteElo "2235"]
[BlackElo "2555"]

1.e4 c5 2.Nf3 d6 3.d4 cxd4 4.Nxd4 Nf6 5.Nc3 Nc6 6.Be2 g6 7.Be3 Bg7 8.O-O O-O
9.Kh1 Bd7 10.f4 Rc8 11.Nb3 Be6 12.Bf3 Na5 13.e5 Ne8 14.Nxa5 Qxa5 15.Bxb7 Rb8
16.Be4 Rxb2 17.Nd5 Bxd5 18.Bxd5 dxe5 19.Bb3 Nd6 20.Bc1 Rxb3 21.cxb3 exf4
22.Bd2 Qa6 23.Rc1 g5 24.Re1 Nf5 25.Bc3 Ne3 26.Qd7 Qxa2 27.Rxe3 fxe3 28.Bxg7 Qd2
29.Rd1 Qxd7 30.Rxd7 Kxg7 31.Rxe7 Rc8 32.g4 Rc3 33.Kg2 Rxb3 34.Rxa7 Rb4  0-1

[Event "Bern"]
[Site "Bern"]
[Date "1988.??.??"]
[Round "?"]
[White "Adler, Joel"]
[Black "Kudrin, Sergey"]
[Result "0-1"]
[WhiteElo "2290"]
[BlackElo "2555"]

1.d4 Nf6 2.c4 g6 3.Nc3 d5 4.Bg5 Ne4 5.Bh4 Nxc3 6.bxc3 dxc4 7.e3 Be6 8.Rb1 b6
9.Be2 a6 10.Bf3 Bd5 11.e4 Bb7 12.e5 Bd5 13.Nh3 Bh6 14.O-O Nc6 15.Bg5 Bxg5
16.Nxg5 h6 17.Ne4 O-O 18.Qd2 Kg7 19.Rfe1 Qd7 20.Re3 Nd8 21.Ng3 Ne6 22.Rbe1 Rh8
23.Bg4 Qc6 24.Bxe6 fxe6 25.Ne4 Raf8 26.Qc2 Rf4 27.g3 Rf5 28.f4 Rhf8 29.h4 Kf7
30.Nf2 g5 31.Nh3 gxh4 32.g4 Rg8 33.Qd1 Ke8 34.Kh2 Rf7 35.Rg1 Rfg7 36.g5 Be4
37.Qh5+ Kd7 38.Qxh4 Bf5 39.Reg3 hxg5 40.Nxg5 Qa8  0-1

[Event "Bern"]
[Site "Bern"]
[Date "1988.??.??"]
[Round "?"]
[White "Gobet, Fernand"]
[Black "Kudrin, Sergey"]
[Result "1/2-1/2"]
[WhiteElo "2350"]
[BlackElo "2555"]

1.e4 c5 2.Nf3 d6 3.d4 cxd4 4.Nxd4 Nf6 5.Nc3 g6 6.Be3 Bg7 7.f3 Nc6 8.Qd2 O-O
9.Bc4 Bd7 10.O-O-O Rc8 11.Bb3 Ne5 12.h4 h5 13.Bh6 Bxh6 14.Qxh6 Rxc3 15.bxc3 Qc7
16.Kb1 Rc8 17.g4 a5 18.gxh5 a4 19.Bd5 Nxd5 20.exd5 Qxc3 21.hxg6 Qb4+ 22.Kc1 fxg6
23.Rhg1 Bf5 24.Nxf5 Qa3+ 25.Kb1 Qb4+ 26.Kc1 Qa3+ 27.Kb1  1/2-1/2

[Event "Bern"]
[Site "Bern"]
[Date "1988.??.??"]
[Round "?"]
[White "Kudrin, Sergey"]
[Black "Flueckiger, Christian"]
[Result "1-0"]
[WhiteElo "2555"]
[BlackElo "2260"]

1.e4 e5 2.Nf3 Nc6 3.Bc4 Nf6 4.d3 Bc5 5.c3 d6 6.O-O O-O 7.Bb3 h6 8.Re1 Bg4
9.Nbd2 Qd7 10.Nf1 Bxf3 11.Qxf3 Qg4 12.Qxg4 Nxg4 13.Re2 Ne7 14.g3 Rad8 15.Kg2 c6
16.Bd2 Ng6 17.f4 Kh7 18.Rd1 Bb6 19.Bc1 exf4 20.gxf4 f5 21.Be6 fxe4 22.Bxg4 exd3
23.Rxd3 Rxf4 24.Bxf4 Nxf4+ 25.Kh1 Nxe2 26.Bxe2 d5 27.Ng3 Rf8 28.Bf3 g6 29.Kg2 Kg7
30.Rd1 Re8 31.c4 dxc4 32.Rd7+ Kf6 33.Rxb7 Rd8 34.Ne4+ Ke5 35.Re7+ Kf4 36.Re6 Rf8
37.Rxg6 Ke3 38.Ng3 Rxf3 39.Re6+  1-0

[Event "Bern"]
[Site "Bern"]
[Date "1988.??.??"]
[Round "?"]
[White "Kudrin, Sergey"]
[Black "King, Daniel J"]
[Result "1-0"]
[WhiteElo "2555"]
[BlackElo "2475"]

1.e4 c5 2.Nf3 d6 3.d4 cxd4 4.Nxd4 Nf6 5.Nc3 a6 6.a4 Nc6 7.Bc4 e6 8.O-O Be7
9.Be3 O-O 10.Kh1 Qc7 11.Qe2 Nxd4 12.Bxd4 e5 13.Be3 Be6 14.Bb3 h6 15.a5 Rac8
16.Rfd1 Bxb3 17.cxb3 Qd7 18.f3 Qe6 19.Rd3 Rfd8 20.Rad1 Rd7 21.Na4 Bd8 22.Qd2 Rc6
23.b4 Bc7 24.b3 Kh7 25.g4 Rd8 26.g5 Ng8 27.Nc3 Qh3 28.Qf2 Rc8 29.gxh6 Bd8
30.Ne2 Bh4 31.Qg2 Qxg2+ 32.Kxg2 Rc2 33.Kf1 Nxh6 34.Rxd6 Rb2 35.Rc1 Rxc1+
36.Nxc1 Rxh2 37.Rd7 f5 38.Rxb7 fxe4 39.fxe4 Ng4 40.Bg1 Rc2 41.Ne2 Ra2 42.Ra7 Nf6
43.Rxa6 Nxe4 44.Be3 Rb2 45.Re6 Rxb3 46.Rxe5 Rxb4 47.a6 Bg5 48.a7 Ra4 49.Bg1 Nd6
50.Rxg5 Nc8 51.Bd4  1-0

[Event "Geneve op"]
[Site "Geneve"]
[Date "1988.??.??"]
[Round "?"]
[White "Kudrin, Sergey"]
[Black "Stanojevic, Branko"]
[Result "1-0"]
[WhiteElo "2555"]
[BlackElo "2330"]

1.e4 c6 2.d4 d5 3.Nc3 dxe4 4.Nxe4 Nd7 5.Ng5 Ngf6 6.Bd3 g6 7.N1f3 Bg7 8.Qe2 O-O
9.Ne5 Nxe5 10.dxe5 Nd5 11.Bd2 f6 12.Nxh7 Nf4 13.Bxf4 Kxh7 14.Qh5+ Kg8 15.Qxg6 Qa5+
16.b4  1-0